Statistiques concernant Mots de la langue française terminés par "rien"

Cliquez ici pour prendre le quiz!

Statistiques générales

  • Ce quiz a été pris 171 fois
  • Le résultat moyen est 8 sur 16

Statistiques - réponses

IndiceMot% Correct
animal microscopique de la maisonacarien
94%
ne mange que des légumesvégétarien
93%
chenapanvaurien
80%
prénomAdrien
71%
propriétaire ...terrien
69%
habitant de DamasSyrien
68%
légeraérien
67%
chant ...grégorien
60%
habitant de TegucigalpaHondurien
44%
reptilesaurien
42%
forçatgalérien
40%
habitant de MoroniComorien
33%
primatelémurien
28%
prénomCyprien
10%
annalistehistorien
9%
militaireprétorien
1%

Distribution des résultats

Percentile par nombre de réponses

% des personnes avec chaque résultat

Votre développement - résultats

Vous n’avez pas pris ce quiz